Il libro 23 delle storie

Gespeichert in:
Bibliographische Detailangaben
1. Verfasser: Livius, Titus (VerfasserIn)
Weitere Verfasser: Parrella, Pietro (KommentatorIn)
Format: Buch
Sprache:Italienisch
Erschienen: L'Aquila : Vecchioni, 1928
Katalog:EDISCO:  Suchergebnis im Bibliothekskatalog
Schulbuchspezifische Eigenschaften:
Schriftenreihe:Collezione di testi per le scuole
Schlagworte:
Tags: Tag hinzufügen
Keine Tags, Fügen Sie den ersten Tag hinzu!
Hinzugefügt zu:30.04.2016
Geändert in:18.10.2017

MARC

LEADER 00000aam a22000001 4500
001 00717
003 OSt
005 20171018093252.0
008 160501s1928 it 000 0 ita
040 |c Antonio Parlati - L'Acquila 
041 1 |a ita 
100 1 |a Livius, Titus  |e Author  |9 356 
245 0 0 |a Il libro 23 delle storie /   |c commentato dal prof. Pietro Parrella 
260 |a L'Aquila :  |b Vecchioni,  |c 1928 
300 |a 224 p., 1/1 ;   |c in 8° 
440 |a Collezione di testi per le scuole  |9 690 
510 3 |a -10 
650 4 |a Latino  |9 14 
655 |a Classici  |9 3031 
690 7 |a Secondaria superiore  |9 8 
700 1 |a Parrella, Pietro  |e Commentator for written text  |9 701 
901 |a 1 
942 |2 ddc  |c BK 
546 |a ita 
999 |c 707  |d 707 
999 |c edisco:707  |d 707